00710nam a2200241 a 4500001001300000003000900013005001700022008004100039020001000080082001800090100001500108245007600123260003300199300000900232500003500241505001000276650002900286700001500315902000800330942000700338952010800345999001500453nice12345678IN_TiNIC20260116011432.0050524s1963 guja grs 000 0 49g  ac10000a297.1221bNAS aNasir, K L aQuran Sharif Ke Matan Ka Tarikhi Mutaleah Aur Muslim Ulema Ki Tehqiqat. aGujaranwalabS M Yunusc1963 a83p. aincludes index and biblioraphy2 aIndex aQuran-Evidence-Authority1 aNasir, K L bRHR cPS 001040708REFaHMIbHMIcREFd2007-07-30g100.00l0o297.1221 NASp03437r2007-07-30w2026-01-16yBK c1512d1512